000 00367cam a2200169ua 4500
020 _c2.00
041 _amal
_h
082 _a894.812308
_bALI/AN
100 _aAlikutty, M.V .
245 _aAntha balika
260 _aChampakulam :
_bB.K.M Book Depot ,
_c1961.
300 _a184 ; .
365 _a2.00
504 _a
942 _cBK
999 _c4332
_d4332